000 00634nam a2200229Ia 4500
003 OSt
005 20221005050324.0
006 a|||||r|||| 00| 0
007 ta
008 221004b |||||||| |||| 00| 0 mal d
024 _a57564
037 _cTextual
040 _aCRL
_cCRL
_bmal
041 _2mal
_amal
082 _aO32,6N01x, J6
100 _aKurup G Sankara Au.
245 0 _aGadyopaharam
260 _aKottayam
_bSahithya pravarthaka co-operative society India
_c1956
650 _aMALAYALAM PROSE
_9187524
942 _hO32,6N01x, J6
_cTEXL
_2cc
999 _c956757
_d956757